[Event "UKR-ch U16 Girls"]
[Site "Vinnytsia"]
[Date "2018.03.10"]
[Round "5"]
[White "Snigar, Diana"]
[Black "Berdnyk, Mariia"]
[Result "0-1"]
[WhiteElo "1615"]
[BlackElo "2220"]
[PlyCount "114"]
[EventDate "2018.03.07"]
[EventType "tourn"]
[EventRounds "11"]
[EventCountry "UKR"]
[SourceTitle "CBM 183 Extra"]
[Source "ChessBase"]
[SourceDate "2018.04.19"]
[SourceVersion "1"]
[SourceVersionDate "2018.04.19"]
[SourceQuality "1"]

1. e4 c5 2. Nf3 d6 3. d4 cxd4 4. Nxd4 Nf6 5. Nc3 g6 6. Be2 Bg7 7. Be3 0-0 8. Nb3 Nc6 9. 0-0 Be6 10. f4 Qc8 11. h3 Rd8 12. Nd4 Nxd4 13. Bxd4 d5 14. e5 Ne4 15. Bf3 Ng3 16. Re1 h5 17. Bf2 Nf5 18. g4 hxg4 19. hxg4 Nh6 20. Bxd5 Nxg4 21. Qf3 Nxf2 22. Bxe6 Qxe6 23. Qxf2 Qg4+ 24. Kf1 Bh6 25. Re4 Rd7 26. Rae1 Rad8 27. e6 fxe6 28. Rxe6 Rf8 29. Qg2 Rxf4+ 30. Kg1 Kf7 31. R6e4 Qxg2+ 32. Kxg2 Rd2+ 33. R4e2 Rfd4 34. Kf3 Rxe2 35. Rxe2 Bg7 36. b3 Rd7 37. Ne4 e5 38. Rg2 Bh6 39. Rh2 Kg7 40. Nc5 Re7 41. Ke4 Bf4 42. Rg2 Kf6 43. a4 b6 44. Nd3 Rd7 45. c3 g5 46. a5 Rh7 47. axb6 axb6 48. Nb4 Rh3 49. Nd5+ Kg6 50. b4 b5 51. Ne7+ Kh5 52. Nd5 Kh4 53. Kf5 Rf3 54. Nxf4 Rxf4+ 55. Kxe5 Rc4 56. Rh2+ Kg3 57. Rh5 Kg4 0-1

[Event "UKR-ch U16 Girls"]
[Site "Vinnytsia"]
[Date "2018.03.09"]
[Round "4"]
[White "Biliak, Viktoria"]
[Black "Snigar, Diana"]
[Result "1-0"]
[WhiteElo "1565"]
[BlackElo "1615"]
[PlyCount "77"]
[EventDate "2018.03.07"]
[EventType "tourn"]
[EventRounds "11"]
[EventCountry "UKR"]
[SourceTitle "CBM 183 Extra"]
[Source "ChessBase"]
[SourceDate "2018.04.19"]
[SourceVersion "1"]
[SourceVersionDate "2018.04.19"]
[SourceQuality "1"]

1. d4 Nf6 2. Bf4 c5 3. e3 g6 4. h3 Bg7 5. c3 b6 6. Nf3 d5 7. Nbd2 0-0 8. Be2 Nc6 9. 0-0 Bb7 10. Ne5 Nd7 11. Nxc6 Bxc6 12. Nf3 h6 13. Re1 Re8 14. Rc1 Kh7 15. Qc2 e5 16. Bg3 e4 17. Nd2 f5 18. b4 g5 19. f4 gxf4 20. Bxf4 Qh4 21. Rf1 Rg8 22. Kh2 Qe7 23. a3 Bf6 24. g4 fxg4 25. Bxg4 Bg5 26. Rf2 Bh4 27. Rg2 Nf6 28. Bf5+ Kh8 29. Rcg1 Rxg2+ 30. Rxg2 Rg8 31. Nf1 Bg5 32. Be5 Bd7 33. Bxd7 Qxd7 34. Qf2 Rf8 35. h4 Kh7 36. Kg1 Bxe3 37. Nxe3 Qe7 38. Qf5+ Kh8 39. Ng4 1-0

[Event "UKR-ch U16 Girls"]
[Site "Vinnytsia"]
[Date "2018.03.08"]
[Round "2"]
[White "Shpanko, Nadiia"]
[Black "Snigar, Diana"]
[Result "1-0"]
[WhiteElo "2041"]
[BlackElo "1615"]
[PlyCount "69"]
[EventDate "2018.03.07"]
[EventType "tourn"]
[EventRounds "11"]
[EventCountry "UKR"]
[SourceTitle "CBM 183 Extra"]
[Source "ChessBase"]
[SourceDate "2018.04.19"]
[SourceVersion "1"]
[SourceVersionDate "2018.04.19"]
[SourceQuality "1"]

1. e4 c5 2. Nf3 Nc6 3. d4 cxd4 4. Nxd4 g6 5. Nxc6 bxc6 6. Qd4 Nf6 7. e5 Ng8 8. e6 Nf6 9. exf7+ Kxf7 10. Nc3 Bg7 11. Qc4+ e6 12. Bd3 a5 13. Bg5 Qb6 14. Na4 Qb4+ 15. Qxb4 axb4 16. Nb6 Rb8 17. Nc4 Ne8 18. Bf4 d6 19. Nxd6+ Nxd6 20. Bxd6 Bxb2 21. Rb1 Bc3+ 22. Ke2 Ra8 23. Bxb4 Bxb4 24. Rxb4 Rxa2 25. Rb6 Bd7 26. Rb7 Ke7 27. Rd1 Rd8 28. Be4 e5 29. Rd2 Ke8 30. Rbxd7 Rxd7 31. Bxc6 Raa7 32. Rxd7 Rxd7 33. Ke3 Ke7 34. Bxd7 Kxd7 35. Ke4 1-0

[Event "UKR-ch U16 Girls"]
[Site "Vinnytsia"]
[Date "2018.03.07"]
[Round "1"]
[White "Snigar, Diana"]
[Black "Hryshchenko, Kamila"]
[Result "0-1"]
[WhiteElo "1615"]
[BlackElo "1829"]
[PlyCount "84"]
[EventDate "2018.03.07"]
[EventType "tourn"]
[EventRounds "11"]
[EventCountry "UKR"]
[SourceTitle "CBM 183 Extra"]
[Source "ChessBase"]
[SourceDate "2018.04.19"]
[SourceVersion "1"]
[SourceVersionDate "2018.04.19"]
[SourceQuality "1"]

1. e4 g6 2. d4 Bg7 3. Nc3 d6 4. Be3 Nf6 5. f3 c6 6. Qd2 b5 7. Nge2 Nbd7 8. g4 e5 9. d5 b4 10. dxc6 Nb6 11. Nb5 0-0 12. Qxb4 Be6 13. Qxd6 Nc4 14. Qxd8 Rfxd8 15. Bc1 Rdc8 16. b3 Na5 17. Bb2 a6 18. Nbc3 Rxc6 19. 0-0-0 Rac8 20. Kb1 h6 21. Nc1 Bf8 22. Nd3 Bd6 23. Be2 Nd7 24. Nc1 Bb4 25. Nd5 Bd6 26. c4 Kh7 27. Nd3 Bxd5 28. exd5 Rb6 29. Rhf1 Nb7 30. h4 Nbc5 31. Rfe1 a5 32. Nxc5 Nxc5 33. Bd3 a4 34. Bxe5 Bxe5 35. Rxe5 axb3 36. a3 Na4 37. Rd2 b2 38. Rc2 Rb3 39. Re7 Rxd3 40. Rxf7+ Kg8 41. Rb7 Rd1+ 42. Ka2 Ra1+ 0-1